000 00494cam a22001811 4500
001 7971068
005 20260421112411.0
008 721108s1962 xx 000 0 eng
050 0 0 _aPL8010
_b.M7 1962
100 1 _aMphahlele, Es'kia,
_d1919-2008.
245 1 4 _aThe African image.
260 _aNew York,
_bPraeger
_c[1962]
300 _a240 p.
650 0 _aAfrican literature
_xHistory and criticism.
650 0 _aBlack race.
650 0 _aBlack people in literature.
942 _2lcc
_cBK
_n0
999 _c9342
_d9342